01394nam a22003017a 4500003000400000005001700004007000400021008004100025010001900066024001800085035001900103040001300122245010800135260002700243300006100270440002700331500005400358508026000412538010900672538017100781650001900952700002000971700001800991700002201009700002401031700001901055700001801074dpl20181218132938.0DVD050907s2005 cau105 g 00| 0 eng d aDVD-000806-808 a28885c599.00 aDVD-000806-808 aDPLcDPL aMy Fair Ladyh[videorecording] DVD /bDisaster Is Just Small Step AwaycWarner Entertainment Company bSa Re Ga Ma India Ltd. a1 videocassette (173 min.);bsd., col. ;c4-3/4 in.fDVD aSa Re Ga Ma Home Video aWinner Of 8 Academy Awards including Best Picture aDirector of photography, Oliver Wood ; art directors, Shepherd Frankel, Don Macaulay ; editor, William Hoy ; music, Miri Ben-Ari, John Ottman ; costume designer, Jose Fernandez, Wendy Partridge ; production designer, Bill Boes ; visual effects supervisors aDolby digital 5.1, English, French, Russian Subtitles in English, French, Arabic, Danish, Dutch, Finnish aAspect Ratio 1:85.1,Presentation Type: Wide Screen, Presentation Size: 16x9, Format: DVD 9 Dual Layer Single Sided Disc. Layer Transition may trigger a slight pause.  aMotion Picture aHepburn, Andrey aHarrison, Rex aHolloway, Stanley aHyde-White, Wilfrid aCooper, Gladys aBrett, Jeremy